| 000 | 02198nam2a22003251 4500 | ||
|---|---|---|---|
| 001 | rc\4047863 | ||
| 005 | 20250610232549.0 | ||
| 010 |
_bВ пер. _d25 р. _915000 |
||
| 021 |
_aRU _b[51-33433] |
||
| 035 | _a(NLR Aleph) 007958380 | ||
| 090 |
_a8383662 _c8383662 |
||
| 100 | _a20130415d1951 |||y0rusy50 ca | ||
| 101 | 0 | _arus | |
| 102 | _aRU | ||
| 105 | _ay z |||b| | ||
| 200 | 0 | _aТ. 3 | |
| 210 |
_d1951 _aБ. м. |
||
| 215 |
_a612 с. _d23 |
||
| 327 | 0 | _aСодержание: Трактористы / Е. Помещиков. Учитель / С. Герасимов. Член Правительства / К. Виноградская [и др. сценарии] | |
| 461 | 0 |
_1001rc\4047860 _12001#$aИзбранные сценарии советского кино$eв 6-ти томах$fред. коллегия: В. Кожевников [и др.]$vТ. 3 _98383646 _cМосква _d1951 _e[2-е изд., изм.] _fред. коллегия: В. Кожевников [и др.] _nГоскиноиздат _oв 6-ти томах _tИзбранные сценарии советского кино _vТ. 3 |
|
| 464 | 0 |
_12001#$aТрактористы$fЕ. Помещиков _1700#1$3RU\NLR\AUTH\7789543$7ca$aПомещиков$bЕ. М.$f1907-1979$gЕвгений Михайлович _tТрактористы _aПомещиков, Евгений Михайлович (1907-1979) |
|
| 464 | 0 |
_12001#$aУчитель$fС. Герасимов _1700#1$3RU\NLR\AUTH\7756349$7ca$aГерасимов$bС. А.$cкинорежиссер$f1906-1985$gСергей Аполлинариевич _tУчитель _aГерасимов, Сергей Аполлинариевич (кинорежиссер ; 1906-1985) |
|
| 464 | 0 |
_12001#$aЧлен Правительства$fК. Виноградская _1700#1$aВиноградская$bК. Н.$f1905-1973$gКатерина Николаевна _tЧлен Правительства _aВиноградская, Катерина Николаевна (1905-1973) |
|
| 801 | 0 |
_aRU _bNLR _c20130415 _gpsbo |
|
| 801 | 1 |
_aRU _bELAR _c20130415 _2rusmarc |
|
| 801 | 2 |
_aRU _bNLR _c20150420 _2rusmarc |
|
| 852 |
_aNLR _jИс70 Г-5/70(3) |
||
| 942 | _cBOOK | ||
| 980 | _aNB | ||